Responses for Show #6110 - Friday, March 18, 2011

Tom Kunzen game 4.

Contestants

[<< previous game]

Duncan Stewart, a research director from Toronto, Ontario, Canada

Christine Varnado, a graduate instructor and Ph.D. student originally from Hattiesburg, Mississippi

Tom Kunzen, a geotechnical engineer from Orlando, Florida (whose 3-day cash winnings total $92,001)

[next game >>]

Jeopardy! Round responses

1911
CLASSIC MOVIE TRAILERS
A BITTER / SWEET SYMPHONY
BAD FORTUNE COOKIES
WHICH DIRECTION ARE YOU HEADED?
(Alex: ...of the four basic directions.)
"K" AS IN...
    $200 11
the Indianapolis 500

Duncan
    $200 21
Psycho

Tom
    $200 22
(Alex: Good, with less than a minute to go now.)

cherries

Duncan
    $200 13
Daedalus

Tom
    $200 6
(Christine: What is south?)

east

TomChristine
    $200 1
KOs (knockouts)

Tom
    $400 12
the Mona Lisa

Christine
    $400 23
honey

Duncan
    $400 17
poison ivy

Tom
    $400 7
south

Tom
    $400 2
a knave

Tom
    $600 14
New York City

Tom
    $600 28
[The end-of-round signal sounds.]

3:10 to Yuma

Tom
    $600 18
Lost

Tom
    $600 8
north

Tom
    $600 3
the Know-Nothing Party

Tom
    $4,000 15
(Alex: And why am I surprised that you're the one who found it?)

Machu Picchu

Tom
    $800 27
American Graffiti

Duncan
    $800 25
chocolate

Duncan
    $800 19
(Duncan: What is the IRA?)
(Alex: Ye--no!)
...
(Alex: You were in a different continent there, Duncan.)

the IRS

ChristineDuncan
    $800 9
(Christine: What is west?)
(Duncan: What is east?)

south

TomChristineDuncan
    $800 4
Knackwurst

Christine
    $1000 16
(Christine: What is Cubism?)
(Duncan: What is Surrealism?)
(Tom: What is Art Nouveau?)

Futurism

TomChristineDuncan
Triple Stumper
    $1000 26
Born Yesterday

Christine
    $1000 24
melon

Duncan
    $1000 20
Lehman Brothers

Tom
    $1000 10
(Christine: What is south?)

west

Christine
Triple Stumper
    $1000 5
a knell

Christine

Scores at the first commercial break (after clue 15):

Tom Christine Duncan
$8,000 $200 -$600

Scores at the end of the Jeopardy! Round:

Tom Christine Duncan
$9,800 $1,000 $800

Double Jeopardy! Round responses

BATTLES
ME & MS. JONES
SHAKESPEARE, FOR STARTERS
CLASSIC GAMES
TAKE YOUR VITAMINS
HARD TO "PORT"
    $400 6
Alexander the Great

Duncan
    $400 21
Star Jones

Christine
    $400 16
Othello

Tom
    $400 11
Twister

Tom
    $400 22
the Flintstones

Tom
    $400 2
a portfolio

Tom
    $800 7
Waterloo

Tom
    $800 23
January Jones

Christine
    $800 17
King Lear

Duncan
    $800 12
Clue

Duncan
    $800 24
the common cold

Duncan
    $800 3
portage

Christine
    $5,000 8
gunpowder

Tom
    $1200 28
Rashida Jones

Triple Stumper
    $1200 18
A Midsummer Night's Dream

Tom
    $1200 13
Boggle

Tom
    $1200 25
rickets

Duncan
    $1200 4
the Port Authority

Tom
    $1600 9
the Philippine Sea

Tom
    $1600 29
Catherine Zeta-Jones

Triple Stumper
    $9,000 19
(Alex: Tom?)
(Tom: What is Julius Caesar?)
(Alex: No, you're in the right period, but it was [*].)

Antony and Cleopatra

Tom
    $1600 14
Connect Four

Tom
    $1600 26
vitamin K

Duncan
    $1600 1
a portico

Tom
    $2000 10
(Abe) Lincoln

Tom
    $2000 30
Cherry Jones

Christine
    $2000 20
The Merchant Of Venice

Tom
    $2000 15
Trouble

Christine
    $2000 27
vitamin A

Christine
    $2000 5
the portcullis

Tom

Scores at the end of the Double Jeopardy! Round:

Tom Christine Duncan
$22,600 $9,000 $6,400
(lock game)

[wagering suggestions for these scores]

Final Jeopardy! Round responses

THE PRESIDENCY
(Alex: [Revealing Duncan's response] Yes, 46 and 44 years of age.)
DuncanWho are Clinton and Gore?
$3,601
ChristineWho were Bill Clinton & Al Gore
$3,805
TomWho are Obama & Biden?
$4,000
Bill Clinton & Al Gore

Final scores:

Tom Christine Duncan
$18,600 $12,805 $10,001
4-day champion: $110,601 2nd place: $2,000 3rd place: $1,000

Game dynamics:

Coryat scores:

Tom Christine Duncan
$24,600 $9,000 $6,400
30 R
(including 2 DDs),
2 W
(including 1 DD)
11 R,
4 W
12 R,
3 W

Combined Coryat: $40,000

[game clues] [game scores] [suggest correction]

Game tape date: 2010-11-16
The J! Archive is created by fans, for fans. Scraping, republication, monetization, and malicious use prohibited; this site may use cookies and collect identifying information. See terms. The Jeopardy! game show and all elements thereof, including but not limited to copyright and trademark thereto, are the property of Jeopardy Productions, Inc. and are protected under law. This website is not affiliated with, sponsored by, or operated by Jeopardy Productions, Inc. Join the discussion at JBoard.tv.